Buraku; sabetsu wa ikite iru,

Saved in:
Bibliographic Details
Corporate Author: Asahi Shinbunsha. Ōsaka Honsha.
Format: Book
Language:Japanese
Published: Kyōto, Sanʾichi Shobō, 1958.
Series:Sanʾichi shinsho, 134
Subjects:
Tags: Add Tag
No Tags, Be the first to tag this record!
LEADER 00943nam a2200265 4500
001 007743353-X
005 20024617115958.0
008 900328s1958 ja a 000 0 jpn c
010 |a j 59002503 /L 
035 0 |a ocn123358687 
035 0 |a ocm21277496 
040 |a Hoover Institution  |c CLU  |d *YNH*  |d CStRLIN 
050 0 |a HT725.J3  |b A8 
110 2 |6 880-01  |a Asahi Shinbunsha.  |b Ōsaka Honsha. 
245 1 0 |6 880-02  |a Buraku;  |b sabetsu wa ikite iru,  |c Asahi Shinbun[sha] Ōsaka Honsha Shakaibu hen. 
260 |6 880-03  |a Kyōto,  |b Sanʾichi Shobō,  |c 1958. 
300 |a 258 p.  |b illus.  |c 18 cm. 
490 0 |6 880-04  |a Sanʾichi shinsho,  |v 134 
650 0 |a Buraku people. 
880 2 |6 110-01  |a 朝日新聞社.  |b 大阪本社. 
880 1 0 |6 245-02  |a 部落;  |b 差別は生きている,  |c 朝日新聞[社]大阪本社社会部編. 
880 |6 260-03  |a 京都,  |b 三一書房,  |c 1958. 
880 0 |6 490-04  |a 三一新書,  |v 134 
988 |a 20021214 
906 |0 OCLC